000 00217 a2200097 4500
001 14653
100 _aClifford Ellis R
245 _aModelling for amateurs
260 _aLondon
_bThe studio
_c
090 _c11439
_d11439
942 _aNUST-CAE
_cM
_c1602
999 _c249726
_d249726